Thailand : Aspects of landscape and life, by Robert L. Pendelton, with the assistance of Robert C. Kingsbury and others.

Đã lưu trong:
书目详细资料
主要作者: Robert L. Pendleton
格式: 图书
语言:Undetermined
出版: Westport Greenwood Press, publishers 1962
主题:
标签: 添加标签
没有标签, 成为第一个标记此记录!
Thư viện lưu trữ: Trung tâm Học liệu Trường Đại học Cần Thơ
LEADER 00631nam a2200205Ia 4500
001 CTU_90577
008 210402s9999 xx 000 0 und d
082 |a 959.3 
082 |b P398 
100 |a Robert L. Pendleton 
245 0 |a Thailand : 
245 0 |b Aspects of landscape and life, by Robert L. Pendelton, with the assistance of Robert C. Kingsbury and others. 
245 0 |c Robert L. Pendleton 
260 |a Westport 
260 |b Greenwood Press, publishers 
260 |c 1962 
650 |a thailand 
650 |x description and travel 
904 |i Mai Loan 
980 |a Trung tâm Học liệu Trường Đại học Cần Thơ